000
00228nam a2200097Ia 4500
008
240331s9999 xx 000 0 und d
082
_b
STU
100
_a
Sturman, M
245
2
_a
A doll's house and Hedda Gabler :
_b
notes
942
_c
L
999
_c
3181
_d
3181